| 000 | 01276nam a2200289 4500 | ||
|---|---|---|---|
| 001 | 140136 | ||
| 003 | ES-MaACL | ||
| 005 | 20230906200020.0 | ||
| 007 | t| | ||
| 008 | 070214s19821985sp r ||||1| spa d | ||
| 245 | 0 | 0 |
_aLiteratura Universal / _cdirigida por Klaus von See. |
| 260 |
_aMadrid : _bGredos, _c1982-85. |
||
| 300 |
_a3 v. : _bil. ; _c25 cm. |
||
| 500 | _aContiene: v. 3 . Literatura romana / por Manfred Fuhrmann... [et al.] ; versión española de Rafael de la Vega ------ v. 9-10 . Renacimiento y Barroco / por August Buck ; en colaboración con Hort Beader... [et al.] ; versión... de Rafael de la Vega ------ v. 13 . Ilustración europea III / por Jurgen V. Stackelberg ; en colaboración con Renate Baader... [et al.] ; versión... de Manuel Albella Martín. | ||
| 700 | 1 |
_aSee, Klaus von. _9105080 |
|
| 700 | 1 |
_aFuhrmann, Manfred. _952985 |
|
| 700 | 1 |
_aVega, Rafael de la. _9113581 |
|
| 700 | 1 |
_aBuck, August. _932314 |
|
| 700 | 1 |
_aBeader, Horst. _926772 |
|
| 700 | 1 |
_aStacklerberg, Jürgen V. _9107838 |
|
| 700 | 1 |
_aBaader, Renate. _924395 |
|
| 700 | 1 |
_aAlbella Martín, Manuel. _919257 |
|
| 740 | 0 | _aLiteratura romana. | |
| 740 | 0 | _aRenacimiento y Barroco. | |
| 740 | 0 |
_aIlustración europea. _nIII. |
|
| 852 |
_aES-MaACL _jP-1544 _bR.106922 |
||
| 999 |
_c140136 _d140136 |
||